000 00301nam a22001337a 4500
008 181217b xxu||||| |||| 00| 0 eng d
020 _a9780312102128
041 _aeng
080 _23 trh
_a370
100 _a47
101 _aEDU
245 _aThe St Martin Handbook
_cAndrea.L
942 _2udc
_cBK
999 _c53171
_d53171